Lengua castellana : 5 primaria

Gespeichert in:
Bibliographische Detailangaben
Weitere Verfasser: Alzu, J. L.
Format: Buch
Sprache:Spanisch
Erschienen: Madrid : Santillana , D.L. 1998
Katalog:MANES:  Suchergebnis im Bibliothekskatalog
Schulbuchspezifische Eigenschaften:
Tags: Tag hinzufügen
Keine Tags, Fügen Sie den ersten Tag hinzu!
Hinzugefügt zu:16.05.2000
Geändert in:07.05.2025

MARC

LEADER 00000cam a2200000 i 4500
005 20250507134557.0
008 000517s1998 espa0 fp 0000 0 spa
020 |a 8429455422 
040 |a uned  |b spa  |c entro-manes 
245 0 0 |a Lengua castellana :   |b 5 primaria /   |c [obra colectiva (...) bajo la dirección de José Luis Alzu ; texto, Concha Romero ... (et al.)] 
260 |a Madrid  |b  : Santillana  |c , D.L. 1998 
300 |a 199 p. :   |b il. 
546 |a España 
561 |5 es-BUNED  |3 L.T.M. 0502  |a España. Fondo Manes UNED  |k MANES 
690 0 |a LEN 
691 0 |a PRI 
700 1 |a Alzu, J. L.  |9 36410 
942 |2 ddc  |c BK 
999 |c 97708  |d 97708 
999 |c manes:97708  |d 97708